Vista normal
Vista MARC
Entrada Materia (personas)
Número de registros utilizados en: 1
001 - CONTROL NUMBER
- control field: 83242
003 - CONTROL NUMBER IDENTIFIER
- control field: Co-BoUCM
005 - DATE AND TIME OF LATEST TRANSACTION
- control field: 20170113090239.0
008 - FIXED-LENGTH DATA ELEMENTS
- fixed length control field: 170113|| aca||aabn | a|a d
040 ## - CATALOGING SOURCE
- Original cataloging agency: Co-BoUCM
- Transcribing agency: Co-BoUCM
100 ## - HEADING--PERSONAL NAME
- Personal name: Solow, Robert M.
- Relator term: prólogo
670 ## - SOURCE DATA FOUND
- Source citation: Work cat.: (Co-BoUCM)302866: La Grandville, Olivier de 83240, Economic growth , 2017